|
|
|
|
| LEADER |
00000nam0a2200000 4500 |
| 001 |
198227 |
| 005 |
20231031183901.0 |
| 020 |
|
|
|a RU
|
| 035 |
|
|
|a (RuTPU)RU\TPU\book\216214
|
| 090 |
|
|
|a 198227
|
| 100 |
|
|
|a 20110625d1989 km y0rusy5003 ca
|
| 101 |
0 |
|
|a rus
|
| 102 |
|
|
|a RU
|
| 105 |
|
|
|a a z 001zy
|
| 200 |
1 |
|
|a Автоматизация проектирования модульных систем обработки данных
|e сборник трудов
|f Академия наук СССР (АН СССР), Институт проблем управления им. В. А. Трапезникова (ИПУ), под ред. А. Г. Мамиконова, В. Л. Эпштейн
|
| 210 |
|
|
|a Москва
|c ИПУ
|d 1989
|
| 215 |
|
|
|a 95 с.
|c ил.
|d 27 см
|
| 320 |
|
|
|a Библиогр. в конце ст.
|
| 610 |
1 |
|
|a вычислительные системы
|
| 610 |
1 |
|
|a автоматизированные системы проектирования
|
| 610 |
1 |
|
|a проектирование
|
| 610 |
1 |
|
|a обработка данных
|
| 610 |
1 |
|
|a модульные системы
|
| 610 |
1 |
|
|a автоматизация
|
| 675 |
|
|
|a 681.3.01
|z rus
|
| 686 |
|
|
|a 06.75
|2 rugasnti
|
| 702 |
|
1 |
|a Мамиконов
|b А. Г.
|g Акоп Гаспарович
|4 340
|
| 702 |
|
1 |
|a Эпштейн
|b В. Л.
|4 340
|
| 712 |
0 |
2 |
|a Академия наук СССР (АН СССР)
|b Институт проблем управления им. В. А. Трапезникова (ИПУ)
|c (Москва)
|2 stltpush
|3 (RuTPU)RU\TPU\col\6782
|
| 801 |
|
0 |
|a RU
|b RuMRKP
|c 19960704
|g psbo
|
| 801 |
|
1 |
|a RU
|b 63413507
|c 20110625
|
| 801 |
|
2 |
|a RU
|b 63413507
|c 20110726
|g RCR
|
| 942 |
|
|
|c BK
|